Jiří Myron /

Hlavní autor: Zbavitel, Miloš, 1921-2014
Jazyk: Čeština
Vydáno: Ostrava : Profil, 1980
Vydání: 1. vyd.
Témata:
Externí odkaz: Digitalizovaný dokument
Fyzický popis: 235 s., fot.příl.
Knihy
Uloženo v:
LEADER 00923nam a22002532a 4500
001 000189782
003 CZ BrMZK
005 20110912144107.0
007 ta
008 970107s1980 xr f cze d
015 |a cnb000163139 
035 |a (OCoLC)7167575 
040 |a BOA001  |b cze 
100 1 |a Zbavitel, Miloš,  |d 1921-2014  |7 jk01152287  |4 aut 
245 1 0 |a Jiří Myron /  |c Miloš Zbavitel 
250 |a 1. vyd. 
260 |a Ostrava :  |b Profil,  |c 1980 
300 |a 235 s., fot.příl. 
856 4 1 |u http://www.digitalniknihovna.cz/mzk/uuid/uuid:93043400-24df-11e3-a5bb-005056827e52  |y Digitalizovaný dokument  |x NDK 
910 |a BOA001  |b PK-0088.584  |b 2-0822.494 
964 |a Myron, Jiří - životopisy 
990 |a BK 
996 7 |b 2619415558  |c 2-0822.494  |l MZK  |r Sklad / do 1 hodiny  |n 0  |w 000189782  |u 000020  |a 1  |e BOA001  |j MZK50  |s A 
996 7 |b 3119949760  |c PK-0088.584  |l MZK  |r Sklad / do 1 hodiny  |n 0  |w 000189782  |u 000010  |a 1  |e BOA001  |j MZK50  |s A